| 000 | 00583nam a22002057a 4500 | ||
|---|---|---|---|
| 003 | OSt | ||
| 005 | 20251127161147.0 | ||
| 008 | 251127b |||||||| |||| 00| 0 eng d | ||
| 020 | _a0-415-28336-1. | ||
| 040 |
_aDWCL-Main lib _cOC |
||
| 082 | _aGR. 193 G988k 2006 | ||
| 100 | _aGuyer, Raul | ||
| 245 |
_aKant _cGuyer, Raul |
||
| 260 |
_aLondon : _bRoutledge, _cc2006. |
||
| 300 |
_axiii, 439 pages ; _c21 cm. |
||
| 504 | _aIncludes bibliographical references and index. | ||
| 650 | _21. Kant, Immanuel, 1724-1804. | ||
| 650 | _22. Philosophers-Germany. | ||
| 942 |
_2ddc _cGR _kGR. _n0 |
||
| 999 |
_c6513 _d6513 |
||